The Image of Poland in Stephen Jones' "The History of Poland"

Titel: The Image of Poland in Stephen Jones' "The History of Poland"
Verfasser:
In: Notions of the self, (2012), Seite 127-138
alle Artikel anzeigen
Veröffentlicht: 2012
Format: Aufsatz
Sprache: Englisch
Kein Bild verfügbar
X
alg: 39267984
001A    $01999:11-11-16 
001B    $01999:28-04-17 $t15:11:25.000 
001D    $01999:11-11-16 
001U    $0utf8 
001X    $00 
002@    $0Aox 
003@    $0392679841 
007A    $0392679841 $aHEB 
007T    $0Herdc0097944m 
010@    $aeng 
011@    $a2012 
021A    $aThe @Image of Poland in Stephen Jones'"The History of Poland" 
028A    $aJanczys $dAnna 
031A    $h127-138 $j2012 
039B    $aIn $8--Aau--. Notions of the self. - Zielona Góra {[u.a.] : Uniw. Zielonogórski {[u.a.], 2012. - 197 S.. - Ill.. - ISBN 978-83-7842-018-7 $x201200000000000873 $9313453519 

lok: 39267984 78

exp: 39267984 78 1 #EPN
201B/01 $019-04-17 $t11:28:34.000 
201U/01 $0utf8 
203@/01 $0788779192 
208@/01 $a11-11-16 $be 
209A/01 $a/ $f000 $x00 
220C/01 $aTitelaufnehmer: pg 
220C/01 $aHerkunft: HI Marburg 
220C/01 $aAnmerkung: *NG 
244Z/01 $2Trx $#Poola $#Lenkija $#Polija $#Polen Land $#Poland $#Lengyelország $#Poľsko $#Polsko $8--Trx--Polska$gkraj $x01 $9391345966 
244Z/01 $aGeschichte 1795 $x02 
244Z/01 $2Trx $8--Trx--Jones, Stephen$Z1763-1827 $x03 $9390735116 
244Z/01 $2Trx $#historiograafia üldine $#istoriografija bendras $#Historiography $#történetírás általános $#historiografia ogólnie $#historiografia všeobecne $#historiografie všeobecně $#Geschichtsschreibung $#dejepis $8--Trx--Historiographie$gallgemein $x04 $9391362593 
244Z/01 $2Trx $#mentaliteedid $#mentalitetas $#mentalities $#mentalitások $#mentalność $#mentality $#mentality $8--Trx--Mentalitäten $x05 $9391360639 
244Z/01 $2Trx $#suhted, Inglise-Poola $#santykiai, anglų ir lenkų $#relations, British-Polish $#kapcsolatok, brit-lengyel $#stosunki brytyjsko-polskie $#vzťahy britsko-poľské $#vztahy britsko-polské $8--Trx--Beziehungen, britisch-polnische $x06 $9391369555 
244Z/01 $2Trx $8--Trx--Einzelbeiträge $x07 $9391384570 
245Z/01 $a11.01;06.03.04 $x01 
247C/01 $82080>Marburg/Lahn, Herder-Institut, Forschungsbibliothek, Bibliographieportal $9336309341
LEADER 00000caa a22000002c 4500
001 392679841
003 DE-603
005 20170428151125.0
007 tu
008 161111s2012 xx |||| | u00||u|eng c
035 |a (DE-599)HEB392679841 
040 |a DE-603  |b ger  |c DE-603  |d DE-603 
041 |a eng 
100 1 |a Janczys, Anna 
245 0 0 |a ˜Theœ Image of Poland in Stephen Jones' "The History of Poland" 
264 0 |c 2012 
773 0 8 |i In  |t Notions of the self  |d Zielona Góra ˜[u.a.] œ: Uniw. Zielonogórski ˜[u.a.], œ2012  |h 197 S., Ill.  |z 9788378420187  |g (2012), Seite 127-138  |w (DE-603)313453519 
924 0 |9 2080  |a (DE-603)788779192  |b DE-2080  |c HES  |d d  |g /